Most Guessed Countries A-Z - Statistics

General Stats
  • This quiz has been taken 55 times
  • The average score is 20 of 24
Answer Stats
Letter Country Percentage % Correct
G Germany 92%
96%
D Denmark 82%
92%
F France 94%
92%
A Australia 93%
90%
C Canada 96%
90%
O Oman 60%
90%
U United States 97%
90%
Y Yemen 62%
90%
J Japan 91%
88%
Q Qatar 51%
88%
R Russia 95%
88%
B Brazil 93%
86%
Z Zimbabwe 55%
86%
I Italy 93%
80%
M Mexico 94%
80%
V Vietnam 82%
78%
N North Korea/ Norway 85%
76%
P Portugal 87%
74%
S Spain 92%
74%
H Hungary 67%
72%
T Turkey 84%
70%
E Egypt 87%
68%
L Latvia 62%
64%
K Kazakhstan 69%
58%
No matching quizzes found
Score Distribution
Percent of People with Each Score
Percentile by Number Answered
Your Score History
You have not taken this quiz